Statistiques concernant Drapeaux de pays de brique - 1 minute

Cliquez ici pour prendre le quiz!

Statistiques générales

  • Ce quiz a été pris 95 fois
  • Le résultat moyen est 14 sur 20

Statistiques - réponses

Réponse% Correct
Brésil
100%
Japon
100%
Suède
97%
Uruguay
96%
Liban
92%
Australie
91%
Luxembourg
78%
Tchad
78%
Azerbaïdjan
75%
Géorgie
74%
Estonie
66%
Turkménistan
63%
Sierra Leone
62%
Antigua-et-Barbuda
59%
Guyane
59%
Nauru
54%
Maldives
47%
Nicaragua
47%
Lesotho
42%
Suriname
37%

Distribution des résultats

Percentile par nombre de réponses

% des personnes avec chaque résultat

Votre développement - résultats

Vous n’avez pas pris ce quiz